[Event "Locri op 1st"]
[Site "Locri"]
[Date "2007.11.01"]
[Round "1"]
[White "Ljubisavljevic, Zivojin Z"]
[Black "Carabetta, Alfredo"]
[Result "1-0"]
[WhiteElo "2319"]
[BlackElo "1503"]
[PlyCount "65"]
[EventDate "2007.11.01"]
[EventType "swiss"]
[EventRounds "7"]
[EventCountry "ITA"]
[SourceTitle "EXT 2010"]
[Source "ChessBase"]
[SourceDate "2010.11.25"]
[SourceVersion "1"]
[SourceVersionDate "2010.11.25"]
[SourceQuality "1"]

1. b3 d5 2. Bb2 c5 3. e3 a6 4. f4 Nc6 5. Nf3 Bg4 6. h3 Bxf3 7. Qxf3 e5 8. fxe5 Qh4+ 9. g3 Qe4 10. Qxe4 dxe4 11. Bg2 f5 12. exf6 Nxf6 13. Bxf6 gxf6 14. Bxe4 Kd7 15. Nc3 Re8 16. Bxc6+ Kxc6 17. Ne2 Bh6 18. Rf1 Rhf8 19. Rf5 Re5 20. Rf3 b5 21. 0-0-0 a5 22. Rdf1 Re6 23. Nf4 Bxf4 24. Rxf4 Rd6 25. g4 h6 26. d3 c4 27. bxc4 bxc4 28. Rxc4+ Kd5 29. e4+ Ke5 30. Kd2 Ke6 31. Rc5 Ra6 32. Rh5 Rh8 33. a4 1-0

[Event "Cutro op-B 11th"]
[Site "Cutro"]
[Date "2005.04.26"]
[Round "3"]
[White "Olivo, Paolo"]
[Black "Carabetta, Alfredo"]
[Result "1-0"]
[WhiteElo "1700"]
[BlackElo "1497"]
[PlyCount "79"]
[EventDate "2005.04.23"]
[EventType "swiss"]
[EventRounds "5"]
[EventCountry "ITA"]
[SourceTitle "CBM 106 Extra"]
[Source "ChessBase"]
[SourceDate "2005.07.01"]
[SourceVersion "1"]
[SourceVersionDate "2005.07.01"]
[SourceQuality "1"]

1. d4 d5 2. c4 Nf6 3. Nc3 e6 4. Nf3 Nbd7 5. Bg5 Be7 6. Qc2 c5 7. cxd5 cxd4 8. Nxd4 Nxd5 9. Bxe7 Nxe7 10. Ncb5 Nd5 11. e4 Qa5+ 12. Kd1 Nb4 13. Qc3 0-0 14. Nb3 Qa4 15. a3 Rd8 16. axb4 Qxb3+ 17. Kc1 Qxc3+ 18. bxc3 a6 19. f4 Nf6 20. e5 Bd7 21. Nd6 Nd5 22. Nxb7 Rdb8 23. Nc5 Bc8 24. Kc2 Nxf4 25. g3 Nd5 26. Bxa6 Bxa6 27. Rxa6 Rxa6 28. Nxa6 Rc8 29. Nc5 Ne3+ 30. Kb3 Ng4 31. Nd3 Rd8 32. h3 Rxd3 33. hxg4 Rxg3 34. b5 Rd3 35. Kb4 Kf8 36. Rxh7 Rd8 37. Rh8+ Ke7 38. Rxd8 Kxd8 39. Kc5 Kc8 40. Kd6 1-0